Наука и терминология (Запис номер 130931)
[ съкратено ]
| 000 -Лидер | |
|---|---|
| Контролно поле с фиксирана дължина | 01365nam a2200337 c 4500 |
| 003 - Код на организацията, давaща контролен номер | |
| Контролно поле | BLK |
| 005 - Дата и час на последна редакция | |
| Контролно поле | 20180420232346.0 |
| 008 - Елементи от данни с фиксирана дължина | |
| fixed length control field | 180409b bul|||||r ||||||| ||bul|| |
| 010 ## - Наследен системен номер | |
| LC control number | KNG00136729000 |
| 040 ## - Източник на каталожния запис | |
| Идентификатор на билиотеката - собственик на записа | BLK |
| 041 ## - Код за език | |
| Код за езика на текст/звукозапис или на отделно заглавие | Български |
| Код за езика КДБФ | Български |
| 080 ## - УДК | |
| Текстов определител УДК | Език на науката. Терминология. Номенклатура. Вж и (083.72); 001.11; 003.62 |
| УДК код - определител по УДК | 001.4 |
| УДК определител | |
| УДК - код + определител | 001.4 |
| 100 1# - Редна дума - Автор | |
| Автор | Трифонов, Илия |
| Авторска отговорност | първи автор |
| R(LIN) | 322490 |
| 139 ## - Редно поле | |
| Редна дума | Трифонов, Илия |
| Авторски знак | Триф - Т 84 |
| 245 10 - Сведения за заглавието | |
| Заглавие | Наука и терминология |
| Подзаглавни данни | Изследване |
| Редно поле (дума) | Илия Трифонов. |
| 257 ## - Страна на издаване | |
| Страна на създаване/издаване | България |
| 260 ## - Област на издателските данни | |
| -- | София |
| Име на издателя, разпространителя и проч. | Наука и изкуство |
| Година на издаване | 1985 |
| Печатница | Варна : Ст. Добрев-Странджата |
| 300 ## - Физическа характеристика | |
| Страници | 187 с. |
| Илюстрации и др. | със сх. |
| Размери/Мащаб | 20 см |
| 380 ## - Жанр | |
| Жанр | Общ отдел |
| 490 1# - СЕРИИ (Колекции) | |
| Име на серия | Поредица Наукознание и научна политика |
| 500 ## - Общи забележки | |
| Забележка | 862 тир. - Библиогр. с. 179-184. - Предм. показалец. |
| 650 #4 - Допълнително описание по предмет – тема | |
| Основно описание – тема или топоним | Наука |
| 9 (RLIN) | 163554 |
| 650 #4 - Допълнително описание по предмет – тема | |
| Основно описание – тема или топоним | Терминология |
| 9 (RLIN) | 173533 |
| 653 ## - Ключова дума – ненормативна | |
| Ключова дума | наука |
| 653 ## - Ключова дума – ненормативна | |
| Ключова дума | терминология |
| 852 ## - Местоположение | |
| Форматна сигнатура | Цб 133404 |
| 856 4# - Електронен адрес и достъп | |
| Електронен формат | pdf - файл |
| Път до файла /url/ | |
| 856 4# - Електронен адрес и достъп | |
| Електронен формат | pdf - файл |
| Път до файла /url/ | |
| 942 ## - АРТИКУЛИ | |
| Вид на библиотечния материал | Книги |
| Скрит в OPAC | Не |
| 944 ## - СЪЗДАВАНЕ И РЕДАКЦИЯ на ЗАПИСА | |
| Създаване/Редакция | Създаване |
| Дата на регистрацията/редакция | 03.12.2012 |
| Статус, дата на статуса | 03.12.2012 - от С1,Р / 03.12.2012 |
| Служител, извършил регистрацията/редакцията | Камелия_Данева |
| 944 ## - СЪЗДАВАНЕ И РЕДАКЦИЯ на ЗАПИСА | |
| Създаване/Редакция | Редакция |
| Дата на регистрацията/редакция | 03.12.2012 |
| Статус, дата на статуса | 03.12.2012 - от С1,Р / 03.12.2012 |
| Служител, извършил регистрацията/редакцията | |
| 999 ## - СИСТЕМНИ КОНТРОЛНИ НОМЕРА | |
| Koha biblionumber | 130931 |
| Koha biblioitemnumber | 130931 |
| Код за отписване | Код за изгубен артикул | Източник на класификационната схема | Код за повреда | Коз за рестрикции | Код за отдаване | Артикулен № | Име на библиотеката - собственик | Име на библиотеката, в която се намира в момента | Статус (Текущо местоположение) | Дата на вписване в системата | Местоположение - отдел | Цена в лева | Инвентарен номер | Систематично азбучна сигнатура | Баркод | Номер на екземпляра | Цена в евро | Служебна бележка | Служебен тип на артикула |
|---|---|---|---|---|---|---|---|---|---|---|---|---|---|---|---|---|---|---|---|
| Не е изгубен | Universal Decimal Classification | Не е повреден | без рестрикции | ползва се в читалня | 213355 | Регионална библиотека "Любен Каравелов" Русе | Регионална библиотека "Любен Каравелов" Русе | Хранилище | 1985-01-01 | Хранилище | 1.50 | 425200 | Цб 133404 | 120000425200 | 1 | 0.77 | N: стар фонд Дата: 01.01.1985 | Книги | |
| Изтеглен | Не е изгубен | Universal Decimal Classification | Не е повреден | без рестрикции | заемане за дома | 213356 | Регионална библиотека "Любен Каравелов" Русе | Регионална библиотека "Любен Каравелов" Русе | Заемна - подръчен фонд | 1985-01-01 | Заемна - подръчен фонд | 1.50 | 427395 | П 001/Т 84 | 427395 | 2 | 0.77 | N: стар фонд Дата: 01.01.1985 Дата инв: 21.03.2018 Бележки инв: П2018 | Книги |